000 00297 a2200145 4500
001 179053
020 _a
040 _cMagnum
100 _aDuarte, Luiz
240 1 0 _aCai cai balao
_lpor
245 1 0 _aCai cai balao
362 0 _a1899
697 _aMAGNITO: I/AVENTURA, CRIANCAS
942 _cBK
999 _c179053
_d179053